Statistiques concernant Harry Potter: Les 4 maisons dans différentes langues

Cliquez ici pour prendre le quiz!

Statistiques générales

  • Ce quiz a été pris 60 fois
  • Le résultat moyen est 10 sur 25

Statistiques - réponses

Réponses% Correct
Français
100%
Anglais
98%
Italien
75%
Japonais
74%
Arabe
72%
Mandarin
72%
Coréen
66%
Russe
62%
Néerlandais
53%
Grec
49%
Hébreu
34%
Norvégien
32%
Hindi
26%
Thai
26%
Ukrainien
26%
Hongrois
23%
Persan
19%
Finnois
17%
Letton
11%
Tchèque
11%
Slovaque
9%
Géorgien
8%
Lituanien
8%
Slovène
8%
Azéri
4%

Distribution des résultats

Percentile par nombre de réponses

% des personnes avec chaque résultat

Votre développement - résultats

Vous n’avez pas pris ce quiz